| 000 | 00549nam a2200169 a 4500 | ||
|---|---|---|---|
| 005 | 20210223123731.0 | ||
| 008 | 991125s1957 xal 000 0 spa u | ||
| 035 | _aUPN01000059030 | ||
| 049 | _aCG | ||
| 050 | 4 |
_aF1391 J2 _bG6.9 |
|
| 100 | 1 | _aGonzález de Cossío, Francisco | |
| 245 | 1 | 0 |
_aXalapa : _bbreve reseña histórica / _cFrancisco González de Cossio. |
| 260 |
_aXalapa : _bJunta de Mejoramiento Cívico y Material de Xalapa, _c1957. |
||
| 300 | _a488 p., [11] h. láms. | ||
| 651 | 4 |
_aJALAPA, VERACRUZ - _xHISTORIA _913694 |
|
| 905 | _aLibro | ||
| 999 |
_c59030 _d59030 |
||